000 00434nam a2200181Ia 4500
999 _c99618
_d99618
003 0100
005 20180302123835.0
008 130307s9999 xx 000 0 und d
040 _cARRUPELIB
050 _aDT929.V3 1951
100 _aVan der Poel, Jean
_940203
245 4 _aThe Jameson raid /
260 _aLondon
_bOxford university press
_c1951
300 _a271p.
300 _b22cm.
650 _aJameson's raid
_940199
942 _2lcc
_cMONOGRAPH